Score 0/16 Timer 01:00
0 Plays Today
% Correct
Order
95.8%
Mission
95.7%
Men
94.9%
Wing
93.7%
Upstairs
92%
Blue
89.7%
Picket
88.4%
Street
87.5%
% Correct
Files
86.8%
Cagney
86.7%
Northern
86.5%
Law
86.4%
Lou
84.2%
Welby
82.5%
Hour
58.9%
90
50%

Today's Daily Dose

Remove Ads.
Support Sporcle.
Get the best of Sporcle when you Go Orange. This ad-free experience offers more features, more stats, and more fun while also helping to support Sporcle. Thank you for becoming a member.

You're not logged in!

Compare scores with friends on all Sporcle quizzes.
OR
Log In

Show Comments

Extras

Top Quizzes Today


Score Distribution

Your Account Isn't Verified!

In order to create a playlist on Sporcle, you need to verify the email address you used during registration. Go to your Sporcle Settings to finish the process.

Report this User

Report this user for behavior that violates our Community Guidelines.

Details: